| 000 | 00914nam a22001817a 4500 | ||
|---|---|---|---|
| 008 | 100729t xxu||||| |||| 00| 0 ara d | ||
| 082 |
_222 _bا ب ر _a398.4 |
||
| 100 | 1 |
_916899 _aابراهيم، نجيب اسكندر |
|
| 245 |
_aالتفكير الخرافى : _bبحث تجريبى / _cتأليف نجيب اسكندر ابراهيم، رشدى فام منصور |
||
| 260 |
_aالقاهرة : _bمكتبة الأنجلو المصرية ،1962 _c1962 |
||
| 300 |
_a254 ص ؛ _c24 سم. |
||
| 504 | _aيشتمل علي ارجاعات ببليوجرافية ص 253-254 | ||
| 541 |
_aألف باء ؛ _cشراء ؛ |
||
| 650 | 0 |
_916952 _aالخرافات |
|
| 700 | 1 |
_916900 _aمنصور، رشدي فام _eمؤلف |
|
| 942 |
_2ddc _cBB |
||
| 999 |
_c14575 _d14575 |
||